000 00911nam a2200253Ia 4500
003 GCL
008 140319s9999 xx 000 0 ara d
020 _a6850305977
040 _aGCL /
_cGCL
082 0 4 _a792.028
_bد م
100 1 _aنبيل راغب
245 1 0 _aمسرح اعادة اكتشاف الاسلوب /
_cنبيل راغب
700 1 _aسحر فراج
700 1 _aدينيس، ميشيل سان
250 _aالاولى
260 _aالقاهرة :
_bالمجلس الاعلى للاثار ،
_c2005
260 _aالقاهرة :
_bوزارة الثقافة - مهرجان القاهرة الدولى للمسرح التجريبى ،
_c2005
300 _a125ص ؛
_c24 سم
650 0 4 _aالاخراج المسرحى
650 0 4 _aالممثلون والممثلات
650 0 4 _aالاداء الصوتى
650 0 4 _aالمسرح الكلاسيكى
942 _2ddc
_cBK
999 _c7778
_d7778